AFL All-Australian 44-man squad (2023) - Statistics

General Stats
  • This quiz has been taken 121 times
  • The average score is 36 of 44
Answer Stats
Club Position Answer % Correct
Brisbane Forward Charlie Cameron
96%
Collingwood Wing Josh Daicos
96%
Collingwood Midfielder Nick Daicos
96%
Adelaide Forward Taylor Walker
96%
Carlton Forward Charlie Curnow
94%
Carlton Midfielder Patrick Cripps
94%
Collingwood Defender Darcy Moore
93%
Brisbane Midfielder Lachie Neale
91%
GWS Midfielder Tom Green
90%
Port Adelaide Midfielder Zak Butters
90%
Melbourne Midfielder/Forward Christian Petracca
89%
Essendon Midfielder Zach Merrett
89%
Port Adelaide Midfielder Connor Rozee
88%
Brisbane Forward Joe Daniher
88%
Western Bulldogs Ruck Tim English
88%
Brisbane Defender Harris Andrews
87%
Western Bulldogs Midfielder Marcus Bontempelli
87%
Carlton Defender Jacob Weitering
85%
Adelaide Midfielder Jordan Dawson
85%
North Melbourne Forward Nick Larkey
84%
St Kilda Ruck Rowan Marshall
83%
GWS Forward Toby Greene
83%
Fremantle Midfielder Caleb Serong
82%
Hawthorn Defender James Sicily
82%
Geelong Defender Tom Stewart
82%
Sydney Wing Errol Gulden
81%
Collingwood Defender Isaac Quaynor
80%
Gold Coast Midfielder Noah Anderson
79%
Collingwood Midfielder Jordan de Goey
78%
Fremantle Ruck/Forward Luke Jackson
78%
Hawthorn Midfielder Jai Newcombe
76%
Essendon Forward Kyle Langford
76%
Richmond Forward/Midfielder Dustin Martin
75%
St Kilda Defender Jack Sinclair
75%
Melbourne Midfielder Jack Viney
75%
West Coast Forward Oscar Allen
74%
St Kilda Defender Callum Wilkie
70%
Fremantle Defender Luke Ryan
70%
Port Adelaide Defender Dan Houston
69%
Western Bulldogs Midfielder Tom Liberatore
66%
GWS Midfielder Stephen Coniglio
64%
Hawthorn Forward Luke Breust
63%
Essendon Defender Mason Redman
63%
Sydney Defender Nick Blakey
60%
No matching quizzes found
Score Distribution
Percent of People with Each Score
Percentile by Number Answered
Your Score History
You have not taken this quiz